• 首页
  • 本馆介绍
  • 公告通知
  • 最新文献
  • 馆藏检索
  • 电子资源
  • 读者导购
  • 参考咨询
  • 我的图书馆
  • 登录
  • 详细信息显示
  • 放入我的书架
  • 预约/预借图书
  • 作者相关作品
  • 分类相关作品
  • 丛书相关作品
  • 出版社相关作品

书目信息

  • 表格格式
  • 工作单格式
  • 卡片格式
题名:
无机合成手册
    
 
作者: 克留乞尼科夫 著 ;申泮文 , 姚从工 译
分册:  
出版信息: 北京   高等教育出版社  1957
页数: 358页
开本: 20cm
丛书名:
单 册:
中图分类: O611.4
科图分类:
主题词: 无机化学
电子资源:
ISBN:
000 00694nam0 2200217 450
001 0635981522
005 20060424100352.70
010    @dCNY1.10
100    @a20060424d1957 km y0chiy0120 ea
101 0  @achi
102    @aCN@b110000
200 1  @a无机合成手册@Awu ji he cheng shou ce@f(苏)Н·Г·克留乞尼科夫著@F(su)Н·Г·ke liu qi ni ke fu zhu@g申泮文,姚从工译@Gshen pan wen,yao cong gong yi
210    @a北京@c高等教育出版社@d1957
215 1  @a358页@d20cm
606 0  @a无机化学
690    @aO611.4@v4
701  0 @a克留乞尼科夫@Ake liu qi ni ke fu@4著
702  0 @a申泮文@Ashen pan wen@4译
702  0 @a姚从工@Ayao cong gong@4译
801  0 @aCN@bPFT@c20060424
905    @a10447@dO611.4@e11
    
    无机合成手册/(苏)Н·Г·克留乞尼科夫著/申泮文,姚从工译.-北京:高等教育出版社,1957
    358页;20cm
    
    
    ISBN :CNY1.10
    
●
相关链接 在E读中查询图书 在五车中查询图书 在当当中查询图书 在豆瓣中查询图书


正题名:无机合成手册     索取号:O611.4/11         预约/预借

序号 登录号 条形码 馆藏地/架位号 状态 备注
1 0017256   000349625   密集书库/ [索取号:O611.4/11] 在馆    
唐山师范学院图书馆 欢迎您!
大连网信软件有限公司© 版权所有